000 00861nas a2200289 4500
001 BR2012009270
003 BR-BrBNA
005 20231205121623.0
007 ta
008 230509b bl.|||p| |||| 00| 00por d
040 _aBR-BrBNA
_bpor
_cBiblioteca Nacional de Agricultura
041 _a(En)
072 _aL73
100 1 _aPasca, S.A.
100 1 _aAcatrinei, D.
100 1 _aOprean, O.Z.
100 1 _aLazar, M.
245 1 _aVascular, hepatic and renal lesions by Dirofilaria immitis invasion in dogs
650 _aCÃO
650 _aLESÃO RENAL
650 _aLESÃO HEPÁTICA
650 _aPULMÃO
650 _aAUTOPSIA
773 0 _tArquivo Brasileiro de Medicina Veterinária e Zootecnia (Brazil)
_xISSN 0102-0935
_g(Aug 2012), v. 64(4) p. 841-846
_wBR2012009270
909 _a202311
_bLúcia
_c55
_dLúcia Elande
942 _2AGRIS
_n0
_cANA
999 _c224425
_d224425